Estadísticas para Países por la Temperatura Registrada más Alta

Haz click aquí para intentar la prueba.

Estadísticas generales

  • Esta prueba ha sido intentada 3.067 veces
  • La puntuación promedio es 16 de 21

Estadísticas de respuestas

°C°FPaís% Correcto
50.3122.5Egipto
90%
50.7123.3Marruecos
87%
54.0129.2Estados Unidos
86%
52.0125.6Arabia Saudita
85%
52.0125.6México
84%
50.6123.1Argelia
82%
51.0123.8India
82%
53.9129.0Irak
82%
53.7128.9Irán
82%
50.3122.4China
79%
50.2122.4Libia
79%
50.4122.7Catar
77%
51.5124.7Emiratos Árabes Unidos
75%
50.8123.4Omán
75%
50.7123.3Australia
72%
50.1122.2Túnez
72%
53.5128.3Pakistán
70%
51.2124.2Israel
68%
51.1124.0Jordania
65%
54.0129.2Kuwait
62%
50.1122.2Turkmenistán
29%

Distribución de puntuación

Porcentaje por número respondido

Porcentaje de gente con cada puntuación

Historial de tus puntuaciones

No has intentado esta prueba.